00688nam a2200205Ia 4500003000900000008004100009020001800050040001600068080002000084100002300104245009700127260004100224300001500265650004100280650002500321650001800346942000700364999001500371952009600386IN-BaIIA211028s9999 xx 000 0 eng d a9971-978-31-8 cIIA Library a533.9(063)bMCN aMcNamara, B914603 0aTwenty Years of Plasma PhysicscB. McNamara  aPhiladelphiabWorld Scientificc1985 avii, 357p. aAstronomy and Astrophysics thesaurus aPlasma Physics93732 aPlasmas91898 cBK c8689d8689 00104070aBANbKODcGENd1986-05-21l0o533.9(063)/ MCNp9564r2021-11-05w1986-05-21yBK